№ 2 (Запись № 13615416)

Подробности
000 -МАРКЕР
контрольное поле 01491nam2a2200265 4500
001 - ИДЕНТИФИКАТОР ЗАПИСИ
контрольное поле rc\3000847
005 - ИДЕНТИФИКАТОР ВЕРСИИ
контрольное поле 20211217115608.0
035 ## - ДРУГИЕ СИСТЕМНЫЕ НОМЕРА
Идентификатор записи (NLR Aleph) 007143987
100 ## - ДАННЫЕ ОБЩЕЙ ОБРАБОТКИ
Данные общей обработки 20110920d1936 |||y0rusy50 ca
101 0# - ЯЗЫК РЕСУРСА
Язык текста, звукозаписи и т.д. русский
102 ## - СТРАНА ПУБЛИКАЦИИ ИЛИ ПРОИЗВОДСТВА
Страна публикации Российская Федерация
105 ## - ПОЛЕ КОДИРОВАННЫХ ДАННЫХ: ТЕКСТОВЫЕ МАТЕРИАЛЫ, МОНОГРАФИЧЕСКИЕ
Кодированные данные о монографическом текстовом документе y j |||||
200 0# - ЗАГЛАВИЕ И СВЕДЕНИЯ ОБ ОТВЕТСТВЕННОСТИ
Основное заглавие № 2
Сведения, относящиеся к заглавию К учебнику Виноградова С.П. "Основания теории детерминантов"
Первые сведения об ответственности Сост. - проф. Г.Н. [?] Кузнецов
Последующие сведения об ответственности Ленингр. гос. ун-т им. А. с. Бубнова. Сектор заоч. обучения. Курсы по высш. математике и теорет. механике для инженерв
210 ## - ПУБЛИКАЦИЯ, РАСПРОСТРАНЕНИЕ И ДР.
Дата издания, распространения и т.д. [1936]
215 ## - ФИЗИЧЕСКАЯ ХАРАКТЕРИСТИКА
Специфическое обозначение материала и объем 34 с.
422 #0 - ИЗДАНИЕ, К КОТОРОМУ ОТНОСИТСЯ ПРИЛОЖЕНИЕ
Встроенное поле 2001#$aОснования теории детерминантов
-- 700#1$aВиноградов$bС. П.$gСергей Петрович$f1863-1927$cматематик$3RU\NLR\AUTH\770237432$4070
461 #0 - УРОВЕНЬ НАБОРА
Встроенное поле 001rc\3000845
-- 2001#$aМетодическое письмо № ... по курсу высшей алгебры$e№ 1-$fСост. Кузнецов, Г.П.$gЛенингр. гос. заоч. ун-т. Курсы по высш. математике и теорет. механике для инж.$v№ 2
702 #1 - ИМЯ ЛИЦА - ВТОРИЧНАЯ ОТВЕТСТВЕННОСТЬ
Начальный элемент ввода Кузнецов
Часть имени, кроме начального элемента ввода Г. П.
Расширение инициалов личного имени Георгий Порфирьевич
Код отношения Составитель
801 #0 - ИСТОЧНИК ЗАПИСИ
Страна Российская Федерация
Организация NLR
Правила каталогизации psbo
801 #1 - ИСТОЧНИК ЗАПИСИ
Страна Российская Федерация
Организация ELAR
Источник данных rusmarc
852 ## - МЕСТОНАХОЖДЕНИЕ И ШИФР ХРАНЕНИЯ
Идентификатор организации NLR
Шифр хранения (Call Number) 35-20/48(2)
942 ## - ДОПОЛНИТЕЛЬНЫЕ ЭЛЕМЕНТЫ ЗАПИСИ (АБИС)
Тип экземпляра АБИС Книга
980 ## - КОЛЛЕКЦИЯ
Название коллекции Национальная библиография

Нет доступных экземпляров.